Clement of Alexandria. (Registro nro. 318223)
[ vista simple ]
| 000 -ENCABEZADO | |
|---|---|
| Número de control [NR] | 02307nam a22003137a 4500 |
| 005 - FECHA Y HORA DE LA ÚLTIMA TRANSACCIÓN | |
| control field | 20211214152205.0 |
| 008 - DE LONGITUD FIJA DE DATOS DE ELEMENTOS - INFORMACIÓN GENERAL | |
| Elementos de longitud fija [NR] | 201107s1919 enk |||f||||| 001 0 mul d |
| 020 ## - NUMERO INTERNACIONAL NORMALIZADO PARA LIBROS [R] | |
| Número Internacional Normalizado del libro [NR] | 9780674991033 |
| 040 ## - FUENTE DE CATALOGACION [NR] | |
| Quien Cataloga | Sandra Yazo |
| Quien Clasifica | Sandra Yazo |
| 041 0# - CODIGO DE IDIOMA [R] | |
| Código de idioma para texto/pista de sonido o título separado [R] | Inglés |
| -- | Griego |
| 082 04 - NUMERO DE CLASIFICACION DECIMAL DEWEY [R] | |
| Número de la edición [NR] | 20 |
| Número de clasificación [R] | 281.1 |
| 092 ## - SIGNATURA TOPOGRAFICA LOCAL | |
| Número de clasificación local | E62N041 |
| 100 1# - ASIENTO PRINCIPAL--NOMBRE PERSONAL [NR] | |
| Nombre personal [NR] | Clemente de Alejandría |
| ID Autoridad | 101524 |
| 242 00 - TRADUCCION DEL TITULO POR LA AGENCIA CATALOGADORA [R] | |
| Título [NR] | Clemente de Alejandría. |
| Parte restante del título [NR] | Exortación a los griegos ; Sobre la salvación de los ricos ; Exhortación a los recién bautizados. |
| Mención de responsabilidad, etc. [NR] | Exhortación a los recién bautizados. Traducido al inglés por G. W. Butterworth. |
| Código de idioma del título traducido [NR] | spa |
| 245 10 - MENCION DE TITULO [NR] | |
| Título [NR] | Clement of Alexandria. |
| Parte restante del título [NR] | Exhortation to the Greeks ; The rich man’s salvation ; To the newly baptized. |
| Mención de responsabilidad, etc. [NR] | With an english translation by G.W. Butterworth. |
| 260 ## - PUBLICACION, DISTRIBUCION, ETC. (PIE DE IMPRENTA) [R] | |
| Lugar de publicación, distribución, etc. [R] | London [Londres] (Inglaterra) |
| Nombre del editor, distribuidor, etc. [R] | Harvard University Press [Imprenta de la Universidad de Harvard] |
| Fecha de publicación, distribución, etc. [R] | 1919 |
| 300 ## - DESCRIPCION FISICA [R] | |
| Extensión [R] | xxii, 409 páginas |
| Dimensiones [R] | 16 x 11 cm. |
| 490 ## - MENCION DE SERIE [R] | |
| Mención de serie [R] | Loeb classical Library |
| Designación numérica/secuencial del volumen [NR] | 92 |
| 500 ## - NOTA GENERAL [R] | |
| Nota general [NR] | Detalles físicos: Encuadernación rígida. Cartón duro forrado en tela. Lomo con adornos en dorado. En la tapa delantera anagrama en dorado. Cubierta de papel verde con solapa, que incluye datos de autor y de la obra. Guardas. Hoja de cortesía. Anteportada. Portada impresa en una sola tinta; información sobre la obra dentro de un recuadro. Pequeño grabado con el emblema de la Colección (Palas Athenea); en el círculo, la inscripción “Loeb Classical Library”. Texto muy bien impreso en una sola columna: el texto griego, con párrafos numerados, ocupa la página derecha; la traducción inglesa correspondiente a la página de la izquierda. Notas de pie de página. Incluye índice. Hojas de cortesía posteriores y guardas |
| 505 0# - NOTA DE CONTENIDO CON FORMATO PREESTABLECIDO [R] | |
| Nota de contenido con formato preestablecido [NR] | Obras de san Clemente de Alejandría: Introducción ; Bibliografía ; Exhortación a los griegos ; Sobre la salvación de los ricos ; Exhortación a los recién bautizados ; Apéndice: Los “misterios” griegos ; Índices. |
| 506 ## - NOTA DE RESTRICCIONES DE ACCESO [R] | |
| Condiciones de acceso [NR] | Consulta en sala |
| 546 ## - NOTA DE IDIOMA [R] | |
| Nota de idioma [NR] | Texto en inglés y griego |
| 650 #7 - ASIENTO SECUNDARIO DE MATERIA - TERMINO TEMATICO [R] | |
| 9 (RLIN) | 9245 |
| Término temático o nombre geográfico como elemento de entrada [NR] | Apologética |
| 650 #7 - ASIENTO SECUNDARIO DE MATERIA - TERMINO TEMATICO [R] | |
| 9 (RLIN) | 20982 |
| Término temático o nombre geográfico como elemento de entrada [NR] | Padres de la iglesia |
| 650 #7 - ASIENTO SECUNDARIO DE MATERIA - TERMINO TEMATICO [R] | |
| Término temático o nombre geográfico como elemento de entrada [NR] | Literatura cristiana |
| 9 (RLIN) | 18634 |
| 690 ## - ASUNTO AGREGADO LOCAL DE ENTRADA - TÉRMINO TEMÁTICO (OCLC, RLIN) | |
| Acceso temático local | Iglesias |
| 9 (RLIN) | 17149 |
| 700 14 - ASIENTO SECUNDARIO - NOMBRE PERSONAL [R] | |
| Nombre personal [NR] | Butterworth, G.W. |
| Fechas asociadas con el nombre [NR] | 1879- |
| Término de relación [R] | traductor |
| Forma más completa del nombre [NR] | (George William) |
| 9 (RLIN) | 101525 |
| 942 ## - ELEMENTOS DE ENTRADA AGREGADOS (KOHA) | |
| Sistema de clasificación | LOCAL |
| Tipo de ítem principal el descrito en 300a | Libro |
| Edición | 1 |
| Clasificación | E62N041 |
| Suprimido | Perdido | Dañado | No prestable | Tipo de ítem específico | Ubicación habitual | Ubicación actual | Localización | Fecha de creación | Forma de adquisición | Signatura topográfica | Código de barras | Última vez visto | Ejemplar | Price effective from | Tipo de ítem |
|---|---|---|---|---|---|---|---|---|---|---|---|---|---|---|---|
| Libro archivo | Archivo Histórico | Archivo Histórico | Archivo histórico | 12/11/2020 | Compra | E62N041 | L010304 | 12/11/2020 | Ej.1 | 12/11/2020 | Libro |